00385nam a2200145Ia 4500008004100000020001800041041000800059082001300067100002000080245005700100260001400157300003100171365001700202700002000219230718s9999 xx 000 0 und d a9780852969762 aeng a621bSUN aSun Y. (Editor) aDesign Of High Frequency Integrated Analogue Filters c2002bIEE a239dRef 1247 E ME (37773) cRs.b5154.00 aSun Y. (Editor)